00662nam a2200205 a 450000500170000000800410001701000130005802000250007103500130009603700150010904000180012408200060014210000220014824501170017026000280028727000720031530000320038765000150041970000220043420090907123852.0060731s1999 nyua b 000 0 eng d aB-357086 c60.00a9788126422975 aB-357086 bDBAD / PUB adplbEnglish  aS aAlliew, Shane J.  aFolktales sister Alyonushka and brother Ivanushka /cretold by Shane J. Alliew; illustrated by Anandavally T.K.  aKeralabDC Books c2008 aDC Kizhakemuri Edam, Good Shepherd Street, KottayambKeralae686001 a29p.:c22cm(pbk) bcol. ill 2Folktales  aAnandavally T.K.